| 000 | 00504nam a2200169Ia 4500 | ||
|---|---|---|---|
| 005 | 20250423094351.0 | ||
| 008 | 250422s9999 xx 000 0 und d | ||
| 020 | _a9789780813758 | ||
| 050 | _aJZ 1773 .D36/ | ||
| 100 | _aDanfulani, S. A. | ||
| 245 | 0 | _aAfrica and global diplomacy: challenges for international security | |
| 260 | _bHEBN Publishers Plc | ||
| 260 | _c2010 | ||
| 300 | _a260 p | ||
| 650 | _a Security, International. Africa--Foreign relations--21st century. | ||
| 942 | _cBK | ||
| 999 |
_c27030 _d27030 |
||